000 007100000a22002290004500
090 _aAR
_b03401
245 1 0 _aNotas generales
500 _a<Colección Aves>
650 1 4 _aOrnitología
_993189
650 1 4 _aAves
_992429
650 1 4 _aDispersión
_97460
650 1 4 _aHábitat abierto
_997009
650 1 4 _aCambio del hábitat
_996298
651 4 _mGarzón, San Agustín
_dHuila
_pColombia
_992749
653 _gOroaetus
_eOroaetus isidori
653 _fPhasianidae
_gColinus
_eColinus cristatus
653 _fIcteridae
_gHypopyrrhus
_eHypopyrrus pyrohypogaster
041 0 _aEspañol
100 1 _aLehmann V., F. C.
_997008
942 _cARTICULO
773 1 _tNovedades Colombianas
_3315
_h6
_q522-526
_d1961
_g1
999 _c12452
_d12452